=LDR 00000nam 2200000 4500 =001 INLIS000000000012099 =005 20130612103636 =008 ***********************************Ind** =035 ##$$0010-061300000012099 =041 ##$$a Ind =082 ##$$a 532.02 =090 ##$$a 532.02, Chu s =100 ##$$a Chu kia Wang =245 ##$$a Struktur statistis tak tentu, Chu Kia Wang, ahli bahasa, Herman Widodo soemitro =260 ##$$a 1989 $b Jakarta =300 ##$$a 418 hlm., Ilus, 21 cm =650 ##$$a Statestik =650 ##$$a Struktur =700 ##$$a Sumitro, Herman Widodo =850 ##$$a NBPNMAT